The Russian Prospero (Record no. 896)
[ view plain ]
| 000 -LEADER | |
|---|---|
| fixed length control field | 01474nam a22003374a 4500 |
| 082 04 - DEWEY DECIMAL CLASSIFICATION NUMBER | |
| Classification number | 891.71/3 |
| 100 1# - MAIN ENTRY--AUTHOR NAME | |
| Personal name | Bird, Robert, |
| 245 14 - TITLE STATEMENT | |
| Title | The Russian Prospero |
| 260 ## - PUBLICATION, DISTRIBUTION, ETC. (IMPRINT) | |
| Place of publication | Madison : |
| Name of publisher | University of Wisconsin Press, |
| Year of publication | c2006. |
| 300 ## - PHYSICAL DESCRIPTION | |
| Number of Pages | xiii, 310 p. : |
| Other physical details | ill. |
| 505 0# - FORMATTED CONTENTS NOTE | |
| Formatted contents note | Lyric, ritual, symbol -- Epic, myth, allegory -- Ivanov's theory of discourse -- Catharsis -- Mathesis -- Praxis -- Ivanov's emigration. |
| 856 40 - ELECTRONIC LOCATION AND ACCESS | |
| Uniform Resource Identifier | http://site.ebrary.com/lib/rucke/Doc?id=10288088 |
No items available.
